00358 2200145 4500001002100000005001500021035002000036245005500056100002400111300000800135260003500143082000800178084001400186990001200200INLIS00000000000221020250527014038 a0010-05250005021 aTetes-tetes Air Mata Taubat /cAbdullah Nalu Warah0 aAbdullah Nalu Warah a279 bMirqat Publishing House,c2007 a297 a297 ABD t a0712548